[Event "AUT-ch Open 2020"]
[Site "Graz"]
[Date "2020.02.17"]
[Round "4.9"]
[White "Palac, Mladen"]
[Black "Megalios, Konstantinos"]
[Result "0-1"]
[WhiteElo "2536"]
[BlackElo "2536"]
[Annotator "TA"]
[PlyCount "70"]
[EventDate "2020.02.14"]
[EventType "swiss"]
[EventCountry "AUT"]
[SourceTitle "playchess.com"]
[Source "ChessBase"]
[SourceQuality "1"]

{[%evp 9,70,37,44,43,35,39,36,24,43,42,38,43,47,-23,-19,-10,0,-29,-37,-41,-43,-68,-35,-31,-33,-31,-30,-38,-41,-61,-47,-79,-47,-25,-23,-27,-28,-23,-33,-25,-24,-87,-83,-106,-110,-108,-93,-108,-101,-117,-88,-95,-62,-110,-79,-181,-168,-211,-200,-374,-380,-6527,-6379]} 1. e4 e5 2. Nf3 Nc6 3. Bb5 g6 4. c3 a6 5. Ba4 Bg7 6. d4 {C70: Ruy Lopez: 3...a6 4 Ba4, Norwegian and Delayed Schliemann.} exd4 7. cxd4 b5 8. Bc2 {White is slightly better.} d6 9. d5 Na5 10. O-O Ne7 11. Nbd2 (11. Nc3 $14) 11... c6 $11 12. dxc6 O-O 13. Re1 Nexc6 {[#]} 14. Rb1 $146 ({Predecessor:} 14. a3 Be6 15. Rb1 b4 16. Nb3 Nc4 17. axb4 Nxb4 18. Nbd4 Bg4 19. h3 Bd7 20. Bb3 {½-½ (34) Aravindh,C (2395)-Idani,P (2496) Reykjavik 2014}) 14... Nb4 15. a3 Na2 16. Nb3 {Black must now prevent Bg5.} Nxc1 17. Nxa5 Qxa5 18. Qxc1 Be6 19. Qe3 Rac8 20. Bb3 Bxb3 21. Qxb3 Rc4 {[%cal Bc8c4,Bc4b4,Bb4b3][%mdl 32]} 22. Qd3 Qb6 23. Re2 Rfc8 24. g3 b4 25. axb4 (25. e5 $11 {remains equal.} dxe5 26. Nxe5 Bxe5 27. Rxe5) 25... Rxb4 $17 {...Rb3 is the strong threat.} 26. Rd2 Rb3 27. Qe2 a5 28. Ne1 h5 29. Nd3 Qb5 30. Ra1 Re8 31. Ra2 Bh6 32. Nf4 (32. f4 $17) 32... Bxf4 33. gxf4 {[#]} Qb4 $1 34. f3 $2 {[#]} (34. Ra3) 34... Rxf3 $1 $19 {[%mdl 512]} 35. Rd5 $2 (35. Qxf3 Qxd2 36. Ra1) 35... Rxf4 {Accuracy: White = 53%, Black = 86%.} 0-1

[Event "AUT-ch Open 2020"]
[Site "Graz"]
[Date "2020.02.17"]
[Round "4.9"]
[White "Paltrinieri, Nicholas"]
[Black "Kucharska, Honorata"]
[Result "1-0"]
[WhiteElo "2347"]
[BlackElo "2167"]
[Annotator "TA"]
[PlyCount "111"]
[EventDate "2020.02.14"]
[EventType "swiss"]
[EventCountry "AUT"]
[SourceTitle "playchess.com"]
[Source "ChessBase"]
[SourceQuality "1"]

{[%evp 12,111,11,10,10,8,11,11,27,29,25,31,38,0,40,31,62,60,54,54,154,146,152,159,150,135,134,135,120,106,102,102,92,100,95,89,93,84,84,85,88,71,79,67,72,72,163,133,164,106,161,157,143,93,114,93,104,108,321,255,300,233,231,277,258,240,213,204,412,363,586,576,553,550,5593,12826,6522,2245,12833,12833,12834,12833,12832,12827,5609,827,12834,12835,12835,12835,12836,12836,12837,12837,12837,12837,12837,12837,12837,12837,12835,12835]} 1. b3 d5 2. Bb2 e6 3. f4 Nf6 4. Nf3 c5 5. e3 Nc6 6. Bb5 Bd7 7. O-O g6 {A03: Bird's Opening with 1...d5.} 8. d3 Bg7 {[#]} 9. Ne5 $146 ({Predecessor:} 9. Qe1 O-O 10. Nbd2 a6 11. Bxc6 Bxc6 12. Ne5 Rc8 13. Rf3 Nd7 14. Nxc6 Rxc6 15. Bxg7 Kxg7 {1-0 (45) Pachon,A (2006)-Alvarez,M Medellin 2017}) 9... Nxe5 {The position is equal.} 10. fxe5 Bxb5 11. exf6 Bh6 12. Qf3 Qd6 13. Nd2 {[%cal Bb1d2,Bd2f3,Bf3e5][%mdl 32]} O-O-O 14. Qh3 Bg5 15. Rae1 Bd7 (15... h5 $1 $14) 16. Nf3 $1 $16 {[%cal Rf3g5]} e5 17. Qg3 Bxf6 18. Bxe5 Bxe5 19. Nxe5 Rdf8 20. Rxf7 Rxf7 21. Nxf7 {[%mdl 64] Discovered Attack} Qxg3 22. hxg3 {[%mdl 4096] Endgame KRB-KRN} Rf8 23. Rf1 {And now Nd6+ would win.} Kc7 24. Ne5 Rxf1+ 25. Kxf1 {KB-KN} Be6 26. c3 Kd6 27. Nf3 b5 28. b4 a6 (28... h6 $16) 29. a3 h6 30. Kf2 (30. d4 $18) 30... g5 (30... Bf5 $16) 31. Nd2 $1 $18 c4 32. dxc4 bxc4 33. a4 Bd7 34. a5 g4 $2 (34... Ke5 $16) 35. e4 Bc6 36. Ke2 Ke6 37. Ke3 Ke5 38. Nb1 dxe4 39. Na3 $1 Kd5 $2 (39... Bd5 {was worth a try.} 40. Ke2 Kf6) 40. Kf4 Ba4 $2 (40... e3 {keeps fighting.} 41. Kxe3 Ba4) 41. Kxg4 {White is clearly winning.} Bd1+ 42. Kf4 Be2 43. b5 axb5 44. Nxb5 (44. a6 $142 Kc6 45. Nxb5 $1 {[%mdl 576] Promotion} (45. Kxe4 Bf1 $16)) 44... Bd3 45. a6 {[%cal Ba5a6,Ba6a7][%mdl 32]} Kc6 46. a7 Kb7 47. Ke3 Ka8 48. Kd4 (48. g4 $142 Bc2 49. Nd6) 48... Kb7 49. Nd6+ Kxa7 50. Nxc4 Kb7 51. Ne3 Kc6 52. g4 Kd6 53. Nf5+ Ke6 54. Nxh6 Kf6 55. Nf5 Kg5 {[#]} 56. Ne3 $1 {Accuracy: White = 84%, Black = 55%.} 1-0

[Event "AUT-ch Open 2020"]
[Site "Graz"]
[Date "2020.02.17"]
[Round "4.10"]
[White "Nitin, S.."]
[Black "Novikov, Stanislav"]
[Result "1-0"]
[WhiteElo "2353"]
[BlackElo "2531"]
[Annotator "TA"]
[PlyCount "75"]
[EventDate "2020.02.14"]
[EventType "swiss"]
[EventCountry "AUT"]
[SourceTitle "playchess.com"]
[Source "ChessBase"]
[SourceQuality "1"]

{[%evp 9,75,20,30,30,24,-4,16,6,19,-2,0,0,28,-16,-12,-8,6,0,34,20,48,23,48,29,54,10,10,-32,187,162,168,164,240,248,210,189,252,192,308,220,290,238,245,249,231,248,234,237,382,368,443,435,517,534,646,649,728,728,726,722,663,644,29990,29991,29991,29991,29992,29991]} 1. e4 g6 2. Nc3 Bg7 3. h4 c5 4. h5 Nc6 5. d3 e6 6. Be3 {[#] B06: Modern Defence.} d6 $146 ({Predecessor:} 6... Qa5 7. Qd2 b5 8. e5 f5 9. exf6 Nxf6 10. Bh6 Bxh6 11. Qxh6 {½-½ (41) Wei,Y (2732)-Maghsoodloo,P (2577) Chengdu 2017}) 7. h6 Bf6 8. Nf3 {The position is equal.} Nd4 9. Nh2 Bg5 10. Nf3 Bf6 11. Nh2 Bd7 12. Qd2 Qa5 13. g3 Be7 14. Bg2 Nf6 15. O-O Bc6 16. Rab1 Qc7 17. Nd1 {[%cal Bc3d1,Bd1e3,Be3d5,Bd5f4][%mdl 32] aiming for c3.} e5 $1 18. f4 d5 $2 (18... Nh5 $15 {stays ahead.}) 19. c3 Ne6 {[%cal Rd5e4] [#]} 20. fxe5 $1 d4 (20... Qxe5 {is a better defense.} 21. Rxf6 dxe4) 21. exf6 $18 dxe3 22. Nxe3 Bd6 (22... Bf8 $142 23. Qf2 Rd8) 23. Nd5 Qb8 (23... Qd7 $142 24. Qf2 O-O-O) 24. Nf4 O-O 25. d4 cxd4 26. cxd4 Nxf4 27. gxf4 Rd8 {Black wants to play ...Bc5.} 28. Qe3 Bb5 (28... Bc7 {keeps fighting.}) 29. Rf2 Bf8 30. e5 Qc7 31. f5 Qb6 32. Nf3 Bc6 {and the idea ...Bxf3 leaves Black hopeful.} 33. fxg6 hxg6 {[#]} 34. h7+ $1 Kh8 (34... Kxh7 35. Ng5+) 35. Ng5 Rxd4 {And now ...Rd1+! would win.} 36. Nxf7+ {White mates.} Kxh7 37. Ng5+ Kg8 38. f7+ {Accuracy: White = 82%, Black = 43%.} 1-0

[Event "AUT-ch Open 2020"]
[Site "Graz"]
[Date "2020.02.17"]
[Round "4.10"]
[White "Simonetto, Andrea"]
[Black "Huber, Martin Christian"]
[Result "1/2-1/2"]
[WhiteElo "2158"]
[BlackElo "2340"]
[Annotator "TA"]
[PlyCount "75"]
[EventDate "2020.02.14"]
[EventType "swiss"]
[EventCountry "AUT"]
[SourceTitle "playchess.com"]
[Source "ChessBase"]
[SourceQuality "1"]

{[%evp 13,75,20,22,21,35,15,1,-5,0,-18,-18,-14,8,10,21,3,16,0,17,19,18,14,16,3,5,-22,-11,-34,20,-80,-62,-56,-49,-68,-43,-91,-52,-36,-45,-90,-38,-31,64,37,43,0,135,-19,0,0,8,-52,8,-126,-122,-117,-56,-73,-15,-15,-15,-14,-22,-19]} 1. Nf3 Nf6 2. e3 g6 3. d4 Bg7 4. c4 c5 5. d5 O-O 6. Nc3 d6 7. Be2 e6 8. O-O {E61: King's Indian: Early deviations for White, including Smyslov System.} Na6 9. Nd2 Nc7 {[%cal Re6d5] [#]} 10. dxe6 $146 ({Predecessor:} 10. e4 exd5 11. cxd5 Nfe8 12. a4 b6 13. Nc4 f5 14. exf5 Rxf5 15. a5 Rb8 16. axb6 axb6 {1-0 (71) Dreev,A (2654)-Margvelashvili,G (2540) Las Vegas 2014}) 10... Bxe6 11. Nde4 Nfe8 12. Qc2 f5 13. Nd2 Qf6 14. Bf3 Rb8 15. Rd1 Qf7 16. b3 a6 {[%cal Ba7a6,Ba6b5,Bb5b4][%mdl 32]} 17. Bb2 b5 18. cxb5 axb5 19. Nf1 b4 20. Ne2 g5 (20... Bxb2 $15 21. Qxb2 g5) 21. g3 (21. Bxg7 $11 Qxg7 22. h4) 21... Nb5 22. Bxg7 Qxg7 23. Bg2 Nec7 24. h4 h6 25. hxg5 hxg5 26. Nd2 {[#]} Na3 (26... f4 $1 $17 {[%mdl 512] White must now prevent ...fxe3.} 27. exf4 gxf4) 27. Qd3 $15 d5 ({Better is} 27... Rb6 $15) 28. Rac1 $14 c4 29. Qd4 c3 (29... Ncb5 $1 $11 30. Qxg7+ Kxg7) 30. Qxg7+ (30. Nf3 $16) 30... Kxg7 $11 31. Nf3 Kf6 32. Nfd4 (32. Ne1 $11) 32... Bf7 (32... Bd7 $15) 33. Nc2 (33. f4 $11 {keeps the balance.}) 33... Nxc2 $17 34. Rxc2 Ra8 (34... Nb5 $17 35. Rd3 Rfc8) 35. Nd4 Ra6 (35... Rfc8 $17) 36. Bf1 $11 {The position is equal.} Rb6 37. a3 bxa3 {aiming for ...Ne6.} 38. Ra1 {Accuracy: White = 61%, Black = 58%.} 1/2-1/2

[Event "AUT-ch Open 2020"]
[Site "Graz"]
[Date "2020.02.17"]
[Round "4.11"]
[White "Schoppen, Casper"]
[Black "Godzwon, Iwo"]
[Result "1/2-1/2"]
[WhiteElo "2489"]
[BlackElo "2321"]
[Annotator "RC"]
[PlyCount "60"]
[EventDate "2020.02.14"]
[EventType "swiss"]
[EventCountry "AUT"]
[SourceTitle "playchess.com"]
[Source "ChessBase"]
[SourceQuality "1"]
[TimeControl "40/5400+30:1800+30"]

1. e4 {[%emt 0:00:00]} c5 {[%emt 0:00:00]} 2. Nf3 {[%emt 0:00:00]} e6 {[%emt 0:00:00]} 3. d4 {[%emt 0:00:00]} cxd4 {[%emt 0:00:00]} 4. Nxd4 {[%emt 0:00:01]} Nc6 {[%emt 0:00:00]} 5. Nc3 {[%emt 0:00:11]} a6 {[%emt 0:00:00]} 6. Be3 {[%emt 0:01:44]} Nf6 {[%emt 0:00:00]} 7. Nxc6 {[%emt 0:10:31]} bxc6 {[%emt 0:00:06]} 8. e5 {[%emt 0:00:21]} Nd5 {[%emt 0:00:07]} 9. Nxd5 {[%emt 0:00:22]} cxd5 {[%emt 0:00:02]} 10. Bd4 {[%emt 0:00:29]} Be7 {[%emt 0:22:12]} 11. Bd3 {[%emt 0:02:34]} O-O {[%emt 0:02:31]} 12. O-O {[%emt 0:00:17]} d6 {[%emt 0:03:01]} 13. f4 {[%emt 0:04:16]} g6 {[%emt 0:07:17]} 14. Qe2 {[%emt 0:02:59]} a5 {[%emt 0:05:53]} 15. Rf3 {[%emt 0:03:42]} f5 {[%emt 0:01:04]} 16. Re1 {[%emt 0:03:47]} dxe5 {[%emt 0:01:07]} 17. Bxe5 {[%emt 0:04:57]} Bf6 {[%emt 0:05:45]} 18. c4 {[%emt 0:13:53]} Bb7 {[%emt 0:08:35]} 19. c5 {[%emt 0:13:08]} d4 {[%emt 0:03:47]} 20. Bd6 {[%emt 0:09:10]} Bxf3 {[%emt 0:00:06]} 21. Qxe6+ {[%emt 0:01:52]} Kg7 {[%emt 0:00:13]} 22. gxf3 {[%emt 0:09:30]} Re8 {[%emt 0:01:56]} 23. Qxe8 {[%emt 0:01:04]} Qxe8 {[%emt 0:00:03]} 24. Rxe8 {[%emt 0:00:07]} Rxe8 {[%emt 0:00:03]} 25. c6 {[%emt 0:10:46]} Be7 {[%emt 0:00:07]} 26. Be5+ {[%emt 0:00:51]} Bf6 {[%emt 0:00:03]} 27. Bd6 {[%emt 0:02:24]} Be7 {[%emt 0:00:46]} 28. Be5+ {[%emt 0:01:26]} Bf6 {[%emt 0:00:03]} 29. Bd6 {[%emt 0:01:29]} Be7 {[%emt 0:00:04]} 30. Be5+ {[%emt 0:00:07]} Bf6 {[%emt 0:00:03]} 1/2-1/2

[Event "AUT-ch Open 2020"]
[Site "Graz"]
[Date "2020.02.17"]
[Round "4.11"]
[White "Zadruzny, Nicolaj"]
[Black "Metaxasz, Vaszilisz"]
[Result "1-0"]
[WhiteElo "2334"]
[BlackElo "2027"]
[Annotator "TA"]
[PlyCount "55"]
[EventDate "2020.02.14"]
[EventType "swiss"]
[EventCountry "AUT"]
[SourceTitle "playchess.com"]
[Source "ChessBase"]
[SourceQuality "1"]

{[%evp 9,55,16,34,31,18,12,25,12,10,5,16,6,12,13,26,19,23,15,47,41,112,97,180,97,92,98,98,107,150,148,183,142,196,165,196,177,190,143,146,146,155,147,303,309,309,304,340,275]} 1. e4 e5 2. Nf3 Nc6 3. Bc4 Bc5 4. O-O Nf6 5. d3 O-O 6. a4 {C50: Hungarian Defence and Giuoco Pianissimo.} h6 7. h3 a6 8. Re1 {White has an edge.} d6 9. c3 Ba7 10. a5 Re8 11. Qb3 Qe7 12. Be3 Bxe3 13. Rxe3 Nd8 14. d4 {[#]} Ne6 $146 ({Black should play} 14... Nh5 $14) ({Predecessor:} 14... c5 15. dxe5 dxe5 16. Nbd2 Nc6 17. Qa3 Na7 18. Nb3 Nd7 19. Rd1 Nb5 20. Qa2 Nd6 {1-0 (37) Lobanov,S (2504)-Zadruzny,N (2308) Sitges 2019}) 15. dxe5 $16 Nc5 (15... dxe5 $16 16. Nxe5 Nd7 17. Nxd7 Bxd7) 16. Bxf7+ (16. exf6 $18 Nxb3 17. fxe7 Nxa1 18. Re1) 16... Qxf7 17. Qxf7+ Kxf7 18. exf6 Kxf6 19. Nbd2 Bd7 20. Rae1 Bc6 (20... Kf7 $16 21. b4 Ne6) 21. Nd4 Bd7 22. b4 Ne6 23. Nxe6 Rxe6 24. f3 g5 25. Kf2 b6 $2 (25... Rf8 $16 26. c4 Kg6) 26. axb6 $18 {White has a decisive advantage.} cxb6 27. Nc4 Rb8 {[#]} 28. Nxd6 $1 {[%mdl 512] Accuracy: White = 78%, Black = 37%.} 1-0

[Event "AUT-ch Open 2020"]
[Site "Graz"]
[Date "2020.02.17"]
[Round "4.12"]
[White "Sandhoefner, Florian"]
[Black "Pavlov, Mark"]
[Result "1/2-1/2"]
[WhiteElo "2328"]
[BlackElo "2152"]
[Annotator "TA"]
[PlyCount "61"]
[EventDate "2020.02.14"]
[EventType "swiss"]
[EventCountry "AUT"]
[SourceTitle "playchess.com"]
[Source "ChessBase"]
[SourceQuality "1"]

{[%evp 14,61,15,0,12,3,26,-31,0,0,41,7,43,0,83,75,70,69,105,64,156,172,151,98,95,108,89,13,11,12,12,7,9,0,0,0,0,0,0,0,0,0,0,0,0,0,0,0,7,0]} 1. d4 d6 2. c4 e5 3. Nc3 exd4 4. Qxd4 Nc6 5. Qd2 g6 6. b3 Bg7 7. Bb2 Nf6 8. e4 O-O {A53: Old Indian Defence without Nf3.} 9. Bd3 Be6 10. Nf3 (10. Nge2 $11) 10... Nd7 {Black is slightly better.} 11. O-O Nce5 12. Be2 {[#]} Nc5 $146 ({Predecessor:} 12... Nxf3+ 13. Bxf3 a5 14. Rad1 a4 15. g3 axb3 16. axb3 Nc5 17. b4 Nb3 18. Qd3 Nd4 {1-0 (59) Gamundi Salamanca,A (2440)-Mellado Trivino,J (2410) Burgas 1993}) 13. Rfd1 Qe7 {[#]} (13... Nc6 $11) 14. Nxe5 $1 $16 Bxe5 15. f4 Bg7 16. Bf3 f5 {[#]} ({Better is} 16... c6 $14) 17. exf5 $1 Bxf5 18. Nd5 (18. g4 $142 Bc8 19. Nd5) 18... Qd7 19. Bxg7 Qxg7 20. g4 ({White should try} 20. b4 $16 Na4 21. Re1) 20... Be4 $11 {The position is equal.} 21. Bxe4 Nxe4 22. Qd4 {aiming for Qxg7+.} Nf6 $1 23. Re1 {Strongly threatening Re7.} Nxd5 24. Qxd5+ Kh8 25. Qxb7 Qd4+ 26. Kh1 Qxf4 27. Qg2 Rae8 28. Rxe8 Rxe8 29. Rf1 Qe5 30. Qf3 Qd4 31. h3 {Accuracy: White = 69%, Black = 58%.} 1/2-1/2

[Event "AUT-ch Open 2020"]
[Site "Graz"]
[Date "2020.02.17"]
[Round "4.12"]
[White "Stukan, Martin"]
[Black "Santiago, Yago De Moura"]
[Result "1/2-1/2"]
[WhiteElo "2292"]
[BlackElo "2488"]
[Annotator "TA"]
[PlyCount "155"]
[EventDate "2020.02.14"]
[EventType "swiss"]
[EventCountry "AUT"]
[SourceTitle "playchess.com"]
[Source "ChessBase"]
[SourceQuality "1"]

{[%evp 21,155,16,14,14,35,27,37,35,22,29,37,32,50,45,65,23,29,0,14,0,0,0,0,-18,19,0,0,0,0,-56,0,-8,-8,-8,-8,-8,-8,-8,-8,-8,0,-25,0,-8,-8,-81,-82,-73,-73,-73,-73,-143,-137,-195,-207,-231,-234,-220,-179,-259,-262,-262,-259,-270,-270,-275,-275,-275,-158,-158,-158,-158,-158,-158,-158,-158,-158,-158,-158,-158,-158,-158,-158,-158,-158,-158,-158,-158,-158,-158,-158,-158,-158,-158,-158,-158,-158,-158,-158,-158,-158,-158,-158,-158,-158,-158,0,0,0,-158,-158,-158,-158,-158,-158,-158,-158,-158,-158,-158,-158,-158,-158,-158,0,0,0,0,0,0,0,0,0,0,0,0]} 1. e4 e6 2. d4 d5 3. Nc3 Nf6 4. Bg5 Be7 5. e5 Nfd7 6. Bxe7 Qxe7 7. f4 a6 8. Nf3 c5 9. dxc5 Nc6 10. Bd3 Nxc5 11. O-O b5 12. a3 {C14: French: Classical System: 4 Bg5 Be7 main line.} b4 13. axb4 Nxd3 {[#]} 14. Qxd3 $146 {White is slightly better.} ({Predecessor:} 14. cxd3 Nxb4 15. Kh1 Bd7 16. Nd4 O-O 17. Qf3 f6 18. Rae1 fxe5 19. Rxe5 Qf6 20. Qe3 {0-1 (106) Alavi Moghaddam,S (2245)-Oskouev,A (2170) Arak 1998}) 14... Nxb4 15. Qd2 O-O 16. Nb5 Qc5+ 17. Nbd4 a5 18. c3 Nc6 19. Qf2 Bd7 20. Nxc6 Qxc6 21. Nd4 Qc7 22. Qh4 f6 23. Rae1 a4 24. exf6 Rxf6 25. Re3 (25. Rf3 $11) 25... Raf8 ({Black should try} 25... Rb8 $15 26. Qf2 Rb6) 26. Ref3 Qb6 27. R1f2 Be8 28. Qg5 Bg6 29. Qe5 Be4 30. Rg3 h6 31. h4 Kh7 32. Kh2 Qb8 $36 {[%mdl 2048] Threatens to win with ...Qxe5. Black fights for an advantage.} 33. Qxb8 (33. Rd2 $11 Kh8 34. h5) 33... Rxb8 $17 34. Rd2 Rb6 35. Ne2 Rf7 36. Re3 (36. c4 $142) 36... Rfb7 37. Ng3 (37. Rd4 $17) 37... Rxb2 $19 38. Rxb2 Rxb2 39. Nxe4 {[%mdl 4096] Endgame Hoping for Nc5. KRN-KR} a3 $1 {[%cal Ra3a2] ...a2 is the strong threat.} ({Stronger than} 39... dxe4 40. Rxe4 a3 41. Rxe6 $11) 40. Ng5+ (40. Nf6+ $142 gxf6 41. Rxe6) 40... hxg5 41. Rxe6 gxf4 {KR-KR} 42. Ra6 Rb3 ({Much less strong is} 42... a2 43. Kh3 $17) 43. Ra5 Rxc3 44. Rxd5 {and the idea Rd4 leaves White hopeful.} a2 ({Better is} 44... Rc1 $19 45. Rh5+ Kg8) 45. Ra5 $17 Rc2 {And now ...f3 would win.} 46. Kh3 Kg6 47. Kg4 Rf2 48. g3 fxg3 49. Kxg3 Rc2 50. Kf4 Kf7 51. h5 Ke6 52. Ke4 Kd6 53. Kd3 Rh2 54. Kd4 Rb2 55. Kc3 Rg2 56. Kd4 Rh2 57. Ra8 Ke6 58. Ke4 Kd7 59. Kd4 Kc7 60. Kc4 Kb7 61. Ra5 Kb6 62. Ra8 Kc7 63. Ra6 Kc8 $2 (63... Rf2 $17 64. Kb3 Rg2) 64. Ra8+ $1 $11 {[#]} Kd7 $2 ({Black should play} 64... Kb7 $1 $11 65. Ra3 Kc6 66. Ra6+ {[#]} Kb7 $1 {[%mdl 512]}) 65. Kd4 $1 $17 Rg2 66. Ra6 Ke7 67. Ke4 Kf7 68. Kf3 Rb2 69. Kf4 Ke7 70. Ke4 Kd7 71. Kd4 Kc7 72. Kc3 Kb7 $2 (72... Rf2 $17 73. Kb3 Rh2) 73. Kxb2 $11 {Rg6 would kill now.The position is equal.} Kxa6 74. Kxa2 Kb5 75. Kb3 Kc5 76. Kc3 Kd5 77. Kd3 Ke5 78. h6 {Accuracy: White = 86%, Black = 88%.} 1/2-1/2

[Event "AUT-ch Open 2020"]
[Site "Graz"]
[Date "2020.02.17"]
[Round "4.13"]
[White "Molnar, Bela"]
[Black "Pacher, Simon"]
[Result "1-0"]
[WhiteElo "2312"]
[BlackElo "2051"]
[Annotator "TA"]
[PlyCount "97"]
[EventDate "2020.02.14"]
[EventType "swiss"]
[EventCountry "AUT"]
[SourceTitle "playchess.com"]
[Source "ChessBase"]
[SourceQuality "1"]

{[%evp 14,97,22,14,23,24,43,45,84,84,77,81,88,83,97,86,87,85,136,102,107,86,92,77,252,248,252,247,249,241,245,227,231,233,225,220,250,214,250,236,257,253,246,231,231,229,234,223,331,326,341,336,368,366,450,433,516,512,513,509,610,645,630,609,591,599,811,857,842,835,973,973,946,945,878,791,732,638,605,613,825,666,639,612,612,597]} 1. Nf3 Nf6 2. d4 e6 3. c4 c5 4. g3 b6 5. Bg2 Bb7 6. O-O cxd4 7. Nxd4 Bxg2 8. Kxg2 Nc6 {A30: Symmetrical English: Double Fianchetto and Hedgehog.} 9. Nb5 Qb8 10. Bf4 e5 {White is slightly better.} 11. Bg5 Ne4 12. Be3 a6 13. N5c3 $36 {[%mdl 2048] Black is under strong pressure.} Nd6 {[#]} 14. Nd2 $146 ({Predecessor:} 14. b3 b5 15. Nd2 Nf5 16. Nd5 Ba3 17. Ne4 O-O 18. Bc5 Bxc5 19. Nxc5 Ra7 20. Rc1 {½-½ (45) Hofman,V-Augustin,J Bratislava 1959}) 14... Nf5 15. Qc2 Ncd4 ({Better is} 15... Nxe3+ 16. fxe3 Bb4) 16. Bxd4 Nxd4 17. Qe4 Bb4 18. Nd5 f5 $2 (18... Bxd2 $16 {keeps fighting.} 19. Rad1 O-O) 19. Nc7+ $1 $18 {[%mdl 64] [#] Discovered Attack} Kd8 20. Qxa8 Kxc7 21. Qxb8+ Rxb8 22. Nf3 Nc6 23. Rfd1 Bc5 24. e3 h6 25. h4 Rg8 26. h5 g5 27. hxg6 Rxg6 28. Rh1 f4 29. e4 fxg3 30. fxg3 d6 (30... Bd4 {was necessary.} 31. Rab1 Re6) 31. Nh4 Rg4 32. Kf3 Rg5 33. Nf5 h5 34. Rh2 {White is clearly winning.} b5 35. cxb5 axb5 36. Rah1 d5 37. Rxh5 dxe4+ 38. Kxe4 Rg4+ 39. Kd5 Bf8 40. Rc1 Rg6 41. a3 Kb6 42. Rh8 Ne7+ 43. Nxe7 Bxe7 {[%mdl 4096] Endgame KRR-KRB} 44. Re8 Bg5 45. Rb8+ Ka7 46. Rcc8 Bc1 47. Ra8+ Kb7 48. Rcb8+ Kc7 49. Rxb5 {Accuracy: White = 93%, Black = 48%.} 1-0

[Event "AUT-ch Open 2020"]
[Site "Graz"]
[Date "2020.02.17"]
[Round "4.13"]
[White "Brinovec, David"]
[Black "Gavrilescu, David"]
[Result "0-1"]
[WhiteElo "2279"]
[BlackElo "2455"]
[Annotator "TA"]
[PlyCount "76"]
[EventDate "2020.02.14"]
[EventType "swiss"]
[EventCountry "AUT"]
[SourceTitle "playchess.com"]
[Source "ChessBase"]
[SourceQuality "1"]

{[%evp 9,76,2,2,0,2,2,14,-6,-12,-40,-48,-37,-44,-37,-46,-49,-56,-52,-46,-86,-77,-103,-109,-125,-120,-158,-150,-127,-136,-164,-171,-191,-190,-238,-213,-313,-305,-306,-306,-338,-347,-346,-349,-362,-349,-362,-370,-367,-342,-408,-412,-409,-401,-435,-426,-410,-412,-745,-717,-744,-723,-991,-980,-984,-972,-970,-962,-919,-911]} 1. d4 d5 2. Bf4 c5 3. e3 cxd4 4. exd4 Nc6 5. c3 Bf5 6. Nf3 {B13: Caro-Kann: Exchange Variation and Panov-Botvinnik Attack.} e6 7. Qb3 Qd7 8. Nbd2 {The position is equal.} f6 {seems to push 8...Nge7 aside.} 9. Be2 g5 10. Bg3 h5 {[#] aiming for ...h4.} 11. h3 {[#]} O-O-O $146 ({Predecessor:} 11... Nge7 12. O-O Bh6 13. Qd1 Ng6 14. Nb3 Bf8 15. Re1 h4 16. Bh2 Bd6 17. Bd3 Bxd3 18. Qxd3 Bxh2+ 19. Nxh2 {1-0 (35) Umetsubo,C (2407)-Felgaer,R (2567) Florianopolis 2019}) 12. Qa4 Bd6 13. Bxd6 Qxd6 14. b4 Kb8 15. b5 Nce7 {[%cal Bc6e7,Be7g6,Bg6f4][%mdl 32]} 16. Nb3 Ng6 17. Qb4 Qxb4 18. cxb4 N8e7 19. Kd2 Nf4 20. Ne1 Nc8 21. Bf1 h4 22. f3 (22. Nd3 {might work better.}) 22... Nd6 $19 23. Rc1 Rc8 24. Rc5 b6 25. Rc6 Nc4+ 26. Kc3 Ne3 27. Kd2 Nxf1+ 28. Rxf1 Kb7 29. Rf2 Rxc6 30. bxc6+ Kxc6 31. Nc2 Bxc2 32. Kxc2 {[%mdl 4096] Endgame KRN-KRN} Kb5 33. a3 (33. Rd2 $142) 33... Rc8+ {Black is clearly winning.} 34. Kb1 Rc3 35. Kb2 Kc4 {[#] ...Nd3+ is the strong threat.} 36. Nd2+ Kxd4 37. Nb3+ Ke3 38. Rf1 Rc8 {Accuracy: White = 49%, Black = 100%.} 0-1